Kraje Europy wdg wyleczonych na koronawirusa - Statystyki

Ogólne statystyki
  • Ten quiz został rozwiązany 139 razy
  • Średni wynik to 8 z 10
Statystyki odpowiedzi
Wyleczeni Kraj % Poprawnych
16 Niemcy
96%
149 Włochy
96%
12 Francja
94%
2 Hiszpania
92%
8 Wielka Brytania
87%
2 Rosja
79%
1 Szwajcaria
72%
1 Belgia
71%
1 Finlandia
51%
1 Rumunia
40%
Nie znaleziono quizów pasujących do podanych kryteriów
Rozkład punktacji
Procent ludzi z każdym wynikiem
Percentyl według liczby udzielonych odpowiedzi
Twoja historia wyników
Nie rozwiązałeś tego quizu